Responsabilidad por prestación médico asistencial
Sábháilte in:
| Príomhchruthaitheoir: | |
|---|---|
| Formáid: | LEABHAR |
| Teanga: | Spáinnis |
| Foilsithe / Cruthaithe: |
Buenos Aires
Hammurabi S. R. L
1987
|
| Eagrán: | 1a. ed |
| Ábhair: | |
| Clibeanna: |
Cuir clib leis
Níl clibeanna ann, Bí ar an gcéad duine le clib a chur leis an taifead seo!
|
MARC
| LEADER | 00000cam a2200000 a 4500 | ||
|---|---|---|---|
| 001 | UCC4419 | ||
| 003 | CL-VaPUC | ||
| 008 | 180803e19870000ag |||||||||||||||||spa|d | ||
| 020 | |a 9509079700 | ||
| 082 | 0 | 4 | |a 344.041 |b GHE |2 21 |
| 100 | |a Ghersi, Carlos Alberto |e author |9 467952 | ||
| 245 | 1 | 0 | |a Responsabilidad por prestación médico asistencial |
| 250 | |a 1a. ed | ||
| 300 | |a 180 p | ||
| 942 | |c BK | ||
| 945 | |d 20180803 12:44:00 |a dcastane | ||
| 260 | |a Buenos Aires |b Hammurabi S. R. L |c 1987 | ||
| 650 | 0 | |a Responsabilidad médica |9 357519 | |
| 650 | 0 | |a Responsabilidad profesional |9 381253 | |
| 650 | 0 | |a Ética médica |9 312024 | |
| 583 | |a last modification |c 20180803 12:44:00 |k Rodrigo Vera | ||
| 999 | |c 371971 |d 371969 | ||
| 952 | |0 0 |1 0 |3 erb |4 0 |6 344_041000000000000_GHE_1987 |7 0 |8 A |9 489191 |a BIBDER |b BIBDER |e Mateluna Arestizabal, Alfredo Sergio |i 5484278 |o 344.041 GHE 1987 |p 5484278 |r 2023-01-25 |w 2019-11-24 |y BK |z Catalogado en:20180803 |k DER | ||